000 00353cam a22001097a 4500
008 180718b2018 xxu||||| |||| 00| 0 eng d
020 _a9788131609255
100 _aTiwari, Shiva Kant
245 _aHistoriography of ancient Indian law: paradigms from imperialism to postmodernism
_cby Shiva Kant Tiwari
260 _aJaipur
_bRawat
_c2018
300 _a213p.
999 _c446170
_d446170